000 00430nam a2200181Ia 4500
001 16332
005 20260306170301.0
008 260306t2021||||xx |||||||||||||| ||und||
041 _aESP
082 _a348.3
_bG317
100 _aGaramendi Durán, Gino,
_eAUT
245 0 _aDerecho de los hidrocarburos
260 _c2021
300 _a211 páginas :
_c20 cm.
650 _aGEN
654 _aCDE
942 _cLIB
_dJUS
_fJUS
_2ddc
_n
999 _c16332
_d16332